[Event "Mogliano Veneto op-B 31st"]
[Site "Mogliano Veneto"]
[Date "2010.05.02"]
[Round "4"]
[White "Reginato, Mauro"]
[Black "Coppo, Gianni"]
[Result "0-1"]
[WhiteElo "1904"]
[BlackElo "1698"]
[PlyCount "82"]
[EventDate "2010.04.30"]
[EventType "swiss"]
[EventRounds "5"]
[EventCountry "ITA"]
[SourceTitle "EXT 2023"]
[Source "ChessBase"]
[SourceDate "2022.10.05"]
[SourceVersion "1"]
[SourceVersionDate "2022.10.05"]
[SourceQuality "1"]

1. e4 c5 2. Nf3 d6 3. d4 cxd4 4. Nxd4 Nf6 5. Nc3 Nc6 6. Be2 e6 7. 0-0 Be7 8. Be3 0-0 9. Qd2 a6 10. a4 Qc7 11. Nxc6 bxc6 12. b4 d5 13. Rfb1 Rd8 14. exd5 cxd5 15. Bg5 Bb7 16. b5 d4 17. bxa6 Bxa6 18. Nb5 Bxb5 19. Bxb5 h6 20. Bxf6 Bxf6 21. Qd3 Qa5 22. Ra3 Rac8 23. Rab3 g6 24. Qf3 Kg7 25. Bd3 Qxa4 26. Rb7 Rxc2 27. Bxg6 Kxg6 28. Qg4+ Bg5 29. Qe4+ Kg7 30. Rxf7+ Kxf7 31. Rb7+ Kf6 32. Qf3+ Ke5 33. Qg3+ Bf4 34. Qg7+ Kd5 35. g3 Be5 36. Qf7 Qc6 37. Qf3+ Kd6 38. Qa3+ Rc5 39. Ra7 Rb8 40. f4 Bf6 41. g4 Qb5 0-1

[Event "Noale Szabados Memorial-B 3rd"]
[Site "Noale"]
[Date "2010.02.06"]
[Round "3"]
[White "Borgato, Alessandro"]
[Black "Coppo, Gianni"]
[Result "1-0"]
[WhiteElo "1592"]
[BlackElo "1719"]
[PlyCount "63"]
[EventDate "2010.02.05"]
[EventType "swiss"]
[EventRounds "5"]
[EventCountry "ITA"]
[SourceTitle "EXT 2022"]
[Source "ChessBase"]
[SourceDate "2021.10.06"]
[SourceVersion "1"]
[SourceVersionDate "2021.10.06"]
[SourceQuality "1"]

1. e4 c5 2. Nf3 d6 3. d4 cxd4 4. Nxd4 Nf6 5. Nc3 Nc6 6. Be2 e6 7. 0-0 Be7 8. Be3 0-0 9. f4 a6 10. g4 Re8 11. g5 Nd7 12. h4 Nxd4 13. Bxd4 b5 14. f5 b4 15. Nb1 e5 16. Be3 Bb7 17. Nd2 d5 18. exd5 Bxd5 19. Bf3 Nb6 20. Rf2 Rb8 21. Qe2 Bxf3 22. Nxf3 Nd5 23. Rd1 Qa5 24. g6 f6 25. Qc4 Red8 26. Rfd2 Rb5 27. Kh2 hxg6 28. fxg6 Kh8 29. Qg4 Nf4 30. Bxf4 exf4 31. Rxd8+ Bxd8 32. Qe6 1-0

[Event "Chioggia op-B 04th"]
[Site "Chioggia"]
[Date "2009.10.09"]
[Round "1"]
[White "Mancin, Michele"]
[Black "Coppo, Gianni"]
[Result "0-1"]
[WhiteElo "1782"]
[BlackElo "1521"]
[PlyCount "72"]
[EventDate "2009.10.09"]
[EventType "swiss"]
[EventRounds "5"]
[EventCountry "ITA"]
[SourceTitle "EXT 2022"]
[Source "ChessBase"]
[SourceDate "2021.10.06"]
[SourceVersion "1"]
[SourceVersionDate "2021.10.06"]
[SourceQuality "1"]

1. e4 c5 2. Nf3 d6 3. d4 cxd4 4. Nxd4 Nf6 5. Nc3 Nc6 6. Be3 e5 7. Nb3 Be7 8. Be2 0-0 9. 0-0 a5 10. a4 Be6 11. Bg5 Nb4 12. Bf3 Qb6 13. Be3 Qc6 14. Rc1 Bc4 15. Re1 Rfd8 16. Nd2 Be6 17. Bg5 d5 18. exd5 Nbxd5 19. Nb5 e4 20. Be2 h6 21. Nd4 Qxa4 22. Nxe6 fxe6 23. Be3 Nxe3 24. fxe3 Bc5 25. Bf1 Qb4 26. c3 Qxb2 27. Rc2 Qb6 28. Qe2 Rd3 29. Nxe4 Rxe3 30. Nxf6+ Kh8 31. Qc4 Rxe1+ 32. Kh1 Rf8 33. h3 Rxf6 34. Qa4 Rexf1+ 35. Kh2 Bd6+ 36. g3 Qf2+ 0-1